00537 2200181 4500001002100000005001500021035002000036245005800056300003100114856000900145260003500154082001100189084001700200020002200217650001700239520008600256990001300342INLIS00000000000755420260127094150 a0010-0126000242 aPedoman praktis beternak :bIkan mujair /cIbnu putra a104hlm :bilus. ;c20x14cm aUmum aDepok :bAir publishing,c2016 a639.31 a639.31 IBN p a978-602-6548-36-4 4aIlmu Terapan aikan serta hasil perikanan lainnya merupakan sumber protein bernilai gizi tinggi. aNN 00123